Представление документа в формате RUSMARC

ПолеНазваниеЗначение
  Тип записи a
  Библиографический уровень a
001 Контрольный номер RU/CBS_UL/BASE/71306767294f451198f7b6e4f5e77b60
005 Дата корректировки 20260405105219.8
100 Данные общей обработки __
a Данные общей обработки 20260405 ||| 0rusy0189 ca
101 Язык документа 0_
a Язык текста rus
102 Страна публикации __
a Страна публикации RU
200 Заглавие и сведения об ответственности 1_
a Заглавие На внешнем контуре
e Сведения, относящиеся к заглавию [о внешней политике России в конце XVII века рассказывает кандидат исторических наук А. Гуськов]
f Первые сведения об ответственности А. Гуськов
g Последующие сведения об ответственности бесед. О. Назаров
300 Общие примечания __
a Общие примечания 12+
461 Уровень набора _0
1 2000
a Историк
463 Уровень физической единицы _0
1 2000
a № 3
v С. 22-27 : ил
1 2101
d 2026
1 001RU/CBS_UL/BASE/3614bf568a064e319e133348bd67d229
600 Персоналии _1
a Персоналии (Фамилия) Алексей Михайлович
600 Персоналии _1
a Персоналии (Фамилия) Пётр I
606 Тематические рубрики 0_
a Основная рубрика Россия - Внешняя политика - 17 в.
610 Ключевые слова 0_
a Ключевые слова внешняя политика России
610 Ключевые слова 0_
a Ключевые слова русско-турецкие войны
610 Ключевые слова 0_
a Ключевые слова войны русско-турецкие
610 Ключевые слова 0_
a Ключевые слова Бахчисарайский мирный договор
610 Ключевые слова 0_
a Ключевые слова походы на Крымское ханство
610 Ключевые слова 0_
a Ключевые слова Азовские походы
610 Ключевые слова 0_
a Ключевые слова реформы Петра I
686 Индексы других классификаций __
2 Код системы rubbk
a Классификационный индекс 63.3(2)51
700 Автор _1
a Фамилия Гуськов
b Имя (инициалы) А.
801 Источник записи _0
a Страна RU
b Организация МБУК ЦБС г. Ульяновска
c Дата составления 20260405
g Правила каталогизации RCR
801 Источник записи _1
a Страна RU
b Организация МБУК ЦБС г. Ульяновска
c Дата составления 20260405
g Правила каталогизации RCR
901 Тип документа __
t Тип документа b
w Контрольный № источника RU/CBS_UL/BASE/3614bf568a064e319e133348bd67d229
909 Создатель записи __
a Создатель записи lib2